00275pam a2200109 a 4500020000500000041000500005082000600010100002400016245007900040260003300119300001300152 c h a- aGORGANI (K)eauthor aOfficial Advanced Power Builder 6 : The Definitive GuidehTextual Document bMoscow Progress Pub. Bc1998 aXXIV,612